| 000 | 00420nam a2200133Ia 4500 | ||
|---|---|---|---|
| 008 | 200626s9999 xx 000 0 und d | ||
| 020 | _a978-981-0697-57-0 | ||
| 100 | _aKeegan, Warren J. | ||
| 245 |
_cWarren J. Keegan, Mark C. Green.-- _aGlobal Marketing/ |
||
| 250 | _a5th ed. | ||
| 260 |
_aSingapore: _bPearson Education South Asia Pte Ltd. _c2008 |
||
| 300 | _axxiv, 643 pages | ||
| 500 | _aIncludes Credits, and Index | ||
| 999 |
_c363895 _d363895 |
||